[Event "Andalucia-ch-A/U18"]
[Site "Linares"]
[Date "2025.05.24"]
[Round "5"]
[White "Herrera Mellado, Luis A"]
[Black "Millan Luque, Victor"]
[Result "0-1"]
[WhiteElo "2055"]
[BlackElo "1980"]
[PlyCount "68"]
[EventDate "2025.05.22"]
[EventType "swiss"]
[EventRounds "7"]
[EventCountry "ESP"]
[SourceTitle "CB22_2025"]
[SourceDate "2025.05.28"]
[SourceVersion "1"]
[SourceVersionDate "2025.05.28"]
[SourceQuality "1"]

1. c4 c5 2. Nf3 g6 3. Nc3 Bg7 4. g3 Nc6 5. Bg2 d6 6. 0-0 e5 7. d3 Nge7 8. Rb1 0-0 9. a3 f5 10. Bd2 h6 11. b4 Rb8 12. Ne1 f4 13. Ne4 b6 14. Nc2 Bg4 15. b5 Nd4 16. Nxd4 cxd4 17. Bb4 Nc8 18. Rb2 Qd7 19. a4 Bf6 20. Qb3 Kh7 21. Ra1 Be7 22. a5 h5 23. axb6 axb6 24. Qd1 h4 25. Rba2 hxg3 26. hxg3 Kg7 27. Ra6 Rh8 28. R1a4 Qe6 29. Ba3 g5 30. f3 Bf5 31. Ra8 Rxa8 32. Rxa8 Bxe4 33. fxe4 fxg3 34. Bc1 Qh6 0-1

[Event "Andalucia-ch-A/U18"]
[Site "Linares"]
[Date "2025.05.23"]
[Round "3"]
[White "Castillo Rodriguez, Angel Luis"]
[Black "Millan Luque, Victor"]
[Result "1-0"]
[WhiteElo "2081"]
[BlackElo "1980"]
[PlyCount "99"]
[EventDate "2025.05.22"]
[EventType "swiss"]
[EventRounds "7"]
[EventCountry "ESP"]
[SourceTitle "CB22_2025"]
[SourceDate "2025.05.28"]
[SourceVersion "1"]
[SourceVersionDate "2025.05.28"]
[SourceQuality "1"]

1. c4 c5 2. Nf3 g6 3. g3 Bg7 4. Bg2 Nc6 5. Nc3 d6 6. 0-0 e5 7. a3 Nge7 8. b4 0-0 9. Rb1 f5 10. Ne1 f4 11. d3 cxb4 12. axb4 g5 13. b5 Nd4 14. Ne4 Ng6 15. Ba3 g4 16. Nxd6 f3 17. exf3 gxf3 18. Nxf3 Bg4 19. Nxd4 Bxd1 20. Bd5+ Kh8 21. Ne6 Qa5 22. Bb4 Qa2 23. Nxf8 Bxf8 24. Rbxd1 Bxd6 25. Bxd6 Rd8 26. Bc5 Rxd5 27. cxd5 Qxd5 28. Bxa7 Qf3 29. Rfe1 h5 30. h4 Qg4 31. Kh2 Nxh4 32. gxh4 Qxh4+ 33. Kg2 Qg4+ 34. Kf1 h4 35. Rc1 h3 36. Bb8 Qg2+ 37. Ke2 Qg4+ 38. f3 Qg2+ 39. Kd1 Qxf3+ 40. Kc2 Qg2+ 41. Kb1 Qd5 42. Bxe5+ Kg8 43. Rg1+ Kf7 44. Rcf1+ Ke8 45. Bb2 Qxd3+ 46. Ka1 Qc4 47. Re1+ Kf7 48. Rg7+ Kf8 49. Rxb7 h2 50. Ba3+ 1-0